• 首页
  • 本馆介绍
  • 公告通知
  • 最新文献
  • 馆藏检索
  • 电子资源
  • 读者导购
  • 参考咨询
  • 我的图书馆
  • 登录
  • 详细信息显示
  • 放入我的书架
  • 预约/预借图书
  • 作者相关作品
  • 分类相关作品
  • 丛书相关作品
  • 出版社相关作品

书目信息

  • 表格格式
  • 工作单格式
  • 卡片格式
题名:
抗菌消炎中药速查
    
 
作者: 袁端红 著
分册:  
出版信息: 贵阳   贵州科技出版社  2013.10
页数: 245页
开本: 24cm
丛书名:
单 册:
中图分类: R286.8
科图分类:
主题词: 消炎药(中药)--基本知识 , 消炎药(中药)
电子资源:
ISBN: 978-7-5532-0136-8
000 00961nam0 2200265 450
001 012013978301
005 20140611150551.82
010    @a978-7-5532-0136-8@dCNY30.00
100    @a20131015d2013 em y0chiy0110 ea
101 0  @achi
102    @aCN@b520000
105    @ay z 001yy
106    @ar
200 1  @a抗菌消炎中药速查@9kang jun xiao yan zhong yao su cha@e不可不知的“天然抗生素”@f袁端红著
210    @a贵阳@c贵州科技出版社@d2013.10
215    @a245页@d24cm
330    @a本书介绍了80多味常用抗菌消炎中药,根据功效侧重点分为清热泻火、清热解毒、清热燥湿、清热凉血、清虚热和其他六类分别介绍。
333    @a不仅适用于临床医师参考,也是普通读者的健康知识常备书
517 1  @a不可不知的“天然抗生素”@9bu ke bu zhi de “ tian ran kang sheng su ”
606 0  @a消炎药(中药)@x基本知识
606 0  @a消炎药(中药)
690    @aR286.8@v5
701  0 @a袁端红@9yuan duan hong@4著
801  0 @aCN@b人天书店@c20131015
905    @b845046-49@dR286.8@e319@f4
    
    抗菌消炎中药速查:不可不知的“天然抗生素”/袁端红著.-贵阳:贵州科技出版社,2013.10
    245页;24cm
    使用对象:不仅适用于临床医师参考,也是普通读者的健康知识常备书
    
    ISBN 978-7-5532-0136-8:CNY30.00
    本书介绍了80多味常用抗菌消炎中药,根据功效侧重点分为清热泻火、清热解毒、清热燥湿、清热凉血、清虚热和其他六类分别介绍。
●
相关链接 在E读中查询图书 在五车中查询图书 在当当中查询图书 在豆瓣中查询图书


正题名:抗菌消炎中药速查     索取号:R286.8/319         预约/预借

序号 登录号 条形码 馆藏地/架位号 状态 备注
1 845046   208450460   第二样本阅览室/ [索取号:R286.8/319] 在馆    
2 845047   208450479   密集书库-生命科学系/ [索取号:R286.8/319] 在馆    
3 845048   208450488   第三借阅区/ [索取号:R286.8/319] 在馆    
4 845049   208450497   第三借阅区/ [索取号:R286.8/319] 在馆    
唐山师范学院图书馆 欢迎您!
大连网信软件有限公司© 版权所有